00932 a2200205 45000010006000000050017000060080041000230030015000640400040000790800159001192450052002780200018003302500012003482640050003603000019004105050239004290410008006681000022006767000028006985630820260407155830.0260407a1985 arg spa dAR-UNSa-BCEJYS aAR-UNSa-BCEJYSbspacAR-UNSa-BCEJYS a321.01xTeoría general del Estado. Teoría y filosofía del poder. Estado y territorio. Autoridad y oposición. Usurpación (Filosofía política)10aHegemonía y dominación en el estado moderno a968-23-0926-3 a6a. ed. 1aMéxico :bEdiciones Pasado y Presentec1985 a130 p.c21 cm. aI. La teoría marxista del estado y del derecho y el problema de la "alternativa" - II. Introducción al estudio de la hegemonía en el estado - III. La teoría política marxista en Gran Bretaña - IV. Marx y el derecho moderno aspa1 aPoulantzas, Nicos1 aPoyrazián, María T.